000 02138cam a22004454i 4500
003 PE-LiUPU
005 20250731173103.0
008 150623s r 000 0 d
035 _a(Sirsi) a24741
040 _aPE-LiUPU
_bspa
_cPE-LiUPU
_erda
100 1 _aCleveland, E. E.,
_eautor.
245 1 0 _aSparks from the anvil /
_cE. E. Cleveland.
264 1 _aHagerstown, Maryland :
_bReview and Herald Graphics,
_c1996.
300 _a94 páginas ;
_c20 cm.
336 _atext
_2rdacontent
337 _aunmediated
_2rdamedia
338 _avolume
_2rdacarrier
504 _aIncluye bibliografía.
505 0 _aThis book. -Mary Magdalene. -Welcome. -Shall I cry? -The natural branches. -Pastor or evangelist?. -"Ax to grind". -Mummy hunter. -65-still alive. -One limb. -In our time. -Not yet. -With all deliberate speed. -Mental reservations. -The spark that powers. -Priestly peril. -Next time. -"A tottering fence". -Bull in net". -Make it plain". -The stars". -Flying time. -Making tracks. -The mills of God. -Hustle and bustle. -Fallout folly. -Youth and the truth. -Dare we fiddle? -Power. -"Preach". -Inviting death. -"On the double". -No wood..
526 _aSEG42
526 _aSEG41
526 _aSEG40
526 _aSEG39
526 _aP94
526 _aP87
526 _aP86
526 _aP85
526 _aP77
526 _aP76
526 _aP35
650 0 4 _aRelatos cristianos.
942 _2ddc
_cBOOK
949 _a248.2 C61
_wDEWEY
_c1
_i49120
_lCCODEBUL1
_mBUL
_p00.00
_r0
_sY
_tBOOK
_u2015-06-24
_xBIBLIOTECA
_zUNKNOWN
_0COMPRA
_o.STAFF. Colección General
949 _a248.2 C61
_wDEWEY
_c2
_i50787
_lCCODEBUL1
_mBUL
_p00.00
_r0
_sY
_tBOOK
_u2015-06-24
_xTEOLOGIA
_PP35
_0COMPRA
_o.STAFF. Colección General
596 _a1
999 _a248.2 C61
_wDEWEY
_c28266
_i49120
_f2021-11-11
_g5
_lCCODEBUL1
_mBUL
_r0
_sY
_tBOOK
_u2015-6-24
_xTEOLOGIA
_zUNKNOWN
_0COMPRA
_o.STAFF. Colección General
_d28266
999 _a248.2 C61
_wDEWEY
_c2
_i50787
_f2021-11-11
_g5
_lCCODEBUL1
_mBUL
_r0
_sY
_tBOOK
_u2015-6-24
_xTEOLOGIA
_PP35
_0COMPRA
_o.STAFF. Colección General
980 _81
_gALBERTO SANCHEZ Responsable de Automatización